| 000 | 00597nam a2200193 i 4500 | ||
|---|---|---|---|
| 001 | 39601 | ||
| 003 | ES-MaACL | ||
| 005 | 20240613063024.0 | ||
| 007 | t| | ||
| 008 | 030303s1968 sp ||||1| spa d | ||
| 100 | 0 |
_aCanales, Alfonso, _d1923- _934387 |
|
| 245 | 1 | 0 |
_aRecuerdos del Perchel y Elegía de las calles del Perchel / _cpor Alfonso Canales. |
| 260 |
_aMálaga : _b[s.n.], _c1968 ( _fUrania) |
||
| 300 |
_a330 p., 27 lám. ; _c23 cm. |
||
| 490 | 1 | _aCosas de Málaga | |
| 830 | 0 |
_aCosas de Málaga _9229710 |
|
| 852 |
_aES-MaACL _jC-47947 _bR.69368 |
||
| 999 |
_c39601 _d39601 |
||